000 004090000a22001570004500
003 LK-CoMWRAF
008 230817t ||||| |||| 00| 0 eng d
040 _aLK-CoMWRAF
_dLK-CoMWRAF
_eLK-CoMWRAF
041 _aeng
082 _a152.6
_bAJR
100 _aAjram, K.
245 _aA Glance at Islaamic Scientists and Their Expertise
_b
260 _bAl-Qulam
_aSri Lanka(Dehiwela)
_c
300 _ap.24
942 _cBK
999 _c866
_d866